01343nab a22002417a 4500003000400000005001700004008004100021040000700062100003500069245017700104260007300281300001500354500002700369505009500396505028400491505008200775650001800857650001100875650001400886650002900900650002300929773014900952OSt20251215152235.0190429b xxu||||| |||| 00| 0 spa d cPJ aAguirre Álvarez, Agostina M.13aLa prueba indiciaria nuevamente en el banquillo :bun análisis crítico de la valoración probatoria en las sentencias condenatorias /cAgostina M. Aguirre Álvarez. cCiudad Autónoma de Buenos Aires :aThomson Reuters La Ley, b2025. ap. 160-165 aCita: AR/DOC/182/2025. aSumario: I. Introducción.— II. Decisión del Tribunal.— III. Reflexión crítica. tFallo comentado: Tribunal en lo Criminal Nro. 1 de San Nicolás ~ 18/06/2024 ~ G., P. D. s/ homicidio calificado por el vínculo, por la alevosía y por el medio empleado (dos hechos) y homicidio calificado por la alevosía y por el medio empleado y daño en concurso real. tSi te interesa el texto completo, solicitalo a koha@justierradelfuego.gov.ar  0aDERECHO PENAL 0aPRUEBA 0aHOMICIDIO 0aHOMICIDIO CON ALEVOSÍA 0aPRISIÓN PERPETUA0 02658tRevista de derecho penal y criminología. Nº 2 - Marzo 2025dCiudad Autónoma de Buenos Aires : Thomson Reuters La Ley, 2017-x00347914